• 首页
  • 本馆介绍
  • 公告通知
  • 最新文献
  • 馆藏检索
  • 电子资源
  • 读者导购
  • 参考咨询
  • 我的图书馆
  • 登录
  • 详细信息显示
  • 放入我的书架
  • 预约/预借图书
  • 作者相关作品
  • 分类相关作品
  • 丛书相关作品
  • 出版社相关作品

书目信息

  • 表格格式
  • 工作单格式
  • 卡片格式
题名:
建筑线描
    
 
作者: 顾馥保 编著
分册:  
出版信息: 武汉   华中科技大学出版社  2016.7
页数: 122页
开本: 26x37cm
丛书名:
单 册:
中图分类: TU204.111
科图分类:
主题词: 建筑艺术--白描--国画技法--高等学校--教材
电子资源:
ISBN: 978-7-5680-1826-5
000 00959nam0 2200253 450
001 0400004290
005 20171023170748.0
010    @a978-7-5680-1826-5@dCNY39.80
100    @a20161019d2016 em y0chiy50 ea
101 0  @achi
102    @aCN@b420000
105    @aa z 000yy
106    @ad
200 1  @a建筑线描@9jian zhu xian miao@dLine drawing of architecture@zeng@f顾馥保编著
210    @a武汉@c华中科技大学出版社@d2016.7
215    @a122页@c图@d26x37cm
300    @a普通高等院校建筑专业“十三五”规划精品教材 建筑设计基础课
330    @a本书为作者多年来的建筑画写生、速写等,从中选择部分画作,以“线描”表现的方法作为建筑专业学习设计基础的练习(各地有关院校暑期举办培训班加强设计草图训练就是例证)。
510 1  @aLine drawing of architecture@zeng
606 0  @a建筑艺术@x白描@x国画技法@x高等学校@j教材
690    @aTU204.111@v5
701  0 @a顾馥保@9gu fu bao@4编著
801  0 @aCN@b91MARC@c20171023
905    @b1028266-70@dTU204.111@f5@e1096
    
    建筑线描=Line drawing of architecture/顾馥保编著.-武汉:华中科技大学出版社,2016.7
    122页:图;26x37cm
    普通高等院校建筑专业“十三五”规划精品教材 建筑设计基础课
    
    ISBN 978-7-5680-1826-5:CNY39.80
    本书为作者多年来的建筑画写生、速写等,从中选择部分画作,以“线描”表现的方法作为建筑专业学习设计基础的练习(各地有关院校暑期举办培训班加强设计草图训练就是例证)。
●
相关链接 在E读中查询图书 在五车中查询图书 在当当中查询图书 在豆瓣中查询图书


正题名:建筑线描     索取号:TU204.111/1096         预约/预借

序号 登录号 条形码 馆藏地/架位号 状态 备注
1 1028266   210282665   第二样本阅览室/ [索取号:TU204.111/1096] 在馆    
2 1028267   210282674   第三借阅区/ [索取号:TU204.111/1096] 在馆    
3 1028268   210282683   第三借阅区/ [索取号:TU204.111/1096] 在馆    
4 1028269   210282692   第三借阅区/ [索取号:TU204.111/1096] 在馆    
5 1028270   210282709   密集书库-生命科学系/ [索取号:TU204.111/1096] 在馆    
唐山师范学院图书馆 欢迎您!
大连网信软件有限公司© 版权所有